00814nam a2200205 a 450000100060000000300090000600800410001504000280005608200160008410000350010024500590013526000460019430000150024059000760025565000640033165000330039594200120042899900170044095201510045712272CO-ViMGA141112s2004 ck r 000 u spa d aCO-ViMGAbspacCO-ViMGA04a739.22 B15m1 aBanco de la Republica, 95338510aThe Gold Museum - Museo del Oro : bSus mejores piezas aBogotá, cBanco de la Republica, c2000 a135 p. il. aForma de adquisición : Canje - - Proveedor : Bib. Luis Ángel Arango14aBANCO DE LA REPUBLICA - MUSEO DEL ORO - EXPOSICIONES91748514aORFEBRERIA - COLOMBIA917486 2ddccBK c23284d23284 00102ddc40708002aMEVIECARbMEVIECARd2015-12-04hVolumen. 1 | 11/jun/2009l0o739.22 B15m p12272r2015-12-04 00:00:00tEj. 1w2015-12-04yBK